James Rosen (Record no. 15736)

MARC details
000 - LÍDER
campo de control de longitud fija 01084nam a2200241Ia 4500
008 - ELEMENTOS DE DATOS DE LONGITUD FIJA - INFORMACIÓN GENERAL
campo de control de longitud fija 0000001984 usa 0000000000eng00
090 ## - NÚMERO DE LLAMADA DE TIPO LC LOCALMENTE ASIGNADO (OCLC)
Número de clasificación (OCLC) (R) PUS00 K13j
100 1# - ENTRADA PRINCIPAL - NOMBRE PERSONAL
Nombre de la persona Kahr, Madlyn Millner
245 10 - TÍTULO DECLARACIÓN
Título James Rosen
Declaración de responsabilidad / texts by KMadlyn Millner Kahr, Christiane Andersson
260 ## - PUBLICACIÓN, DISTRIBUCIÓN
Lugar de publicación San Francisco : Bluxome Gallery
Fecha de publicación 1984
300 ## - DESCRIPCIÓN FÍSICA
Alcance 16 p.
Dimensiones / 28 cm.
500 ## - NOTA GENERAL
Nota general Exposición realizada en Bluxome Gallery de San Francisco, California, entre el 8 de noviembre y el 8 de diciembre de 1984 \ Incluye datos biográficos y cronología artística \ Texto en inglés
501 ## - Con nota
Con nota TEXTOS: The art of James Rosen / by Madlyn Millner Kahr James Rosen's watercolors / by Christiane Andersson
600 00 - ENTRADA DE SUJETO AÑADIDO - NOMBRE PERSONAL
Nombre de la persona ROSEN, JAMES M., 1933/
Subdivisión general TRABAJOS PICTORICOS
650 14 - ENTRADA DE SUJETO AÑADIDO - TÉRMINO TÓPICO
Término tópico o elemento de entrada del nombre geográfico PINTURA ESTADOUNIDENSE
650 14 - ENTRADA DE SUJETO AÑADIDO - TÉRMINO TÓPICO
Término tópico o elemento de entrada del nombre geográfico ARTE CONTEMPORANEO ESTADOUNIDENSE
650 14 - ENTRADA DE SUJETO AÑADIDO - TÉRMINO TÓPICO
Término tópico o elemento de entrada del nombre geográfico ARTISTAS PLASTICOS ESTADOUNIDENSES
650 14 - ENTRADA DE SUJETO AÑADIDO - TÉRMINO TÓPICO
Subdivisión general CATALOGOS
650 14 - ENTRADA DE SUJETO AÑADIDO - TÉRMINO TÓPICO
Subdivisión general EXPOSICIONES
650 14 - ENTRADA DE SUJETO AÑADIDO - TÉRMINO TÓPICO
Término tópico o elemento de entrada del nombre geográfico SIMBOLISMO RELIGIOSO EN EL ARTE
650 14 - ENTRADA DE SUJETO AÑADIDO - TÉRMINO TÓPICO
Término tópico o elemento de entrada del nombre geográfico VIRGEN MARIA EN EL ARTE
700 1# - ENTRADA AGREGADA - NOMBRE PERSONAL
Nombre de la persona Andersson, Christiane
Holdings
Estado de retirada Pérdida de estatus Estado dañado No para préstamo Código de recogida Ubicación permanente Ubicación actual Ubicación de las estanterías Fecha de adquisición Número de llamada completo Código de barras Fecha de la última vez que se vio Número de copia Precio efectivo desde Tipo de artículo Koha
        General ArtNexus ArtNexus General 06/09/2022 P-US-00 K13J 16050 06/09/2022 Ej.1 06/09/2022 Libro

Powered by Koha